[Event "Amantea op"]
[Site "Amantea"]
[Date "1994.??.??"]
[Round "?"]
[White "Novikov, Igor A"]
[Black "Komarov, Dimitri"]
[Result "1/2-1/2"]
[WhiteElo "2570"]
[BlackElo "2565"]
[Annotator "Komarov,D"]
[PlyCount "54"]
[EventDate "1994.09.??"]
[EventType "swiss"]
[EventRounds "7"]
[EventCountry "ITA"]
[SourceTitle "EXT 2000"]
[Source "ChessBase"]
[SourceDate "1999.11.16"]
[SourceVersion "1"]
[SourceVersionDate "1999.11.16"]
[SourceQuality "1"]

1. d4 Nf6 2. c4 e6 3. Nf3 b6 4. g3 Bb7 5. Bg2 Be7 6. O-O O-O 7. b3 d5 8. Nc3 (
8. Ne5 Nbd7 9. Bb2 Rc8 10. Nc3 c6 11. Rc1 (11. e4 dxe4 12. Nxe4 Nxe4 13. Bxe4
Nxe5 14. dxe5 Qxd1 15. Rfxd1 Rfd8 $14) 11... Nxe5 12. dxe5 Nd7 13. cxd5 cxd5
14. Nb5 Rc5 15. Nd4 {Novikov,I-Komarov,D/Anzio/1994/0,5/15/}) 8... c5 (8...
Nbd7) (8... Ne4 $1 9. Bb2 Nxc3 10. Bxc3 Nd7 $10 {Novikov,I-Sturua,Z/Amantea/
1994/}) 9. Ne5 cxd4 $2 (9... Na6 $5) 10. Qxd4 Nbd7 11. Bb2 Nc5 (11... Bc5 12.
Qf4 Nh5 (12... Bd6 13. Nxf7 $1) 13. Qf3 $16) 12. cxd5 exd5 13. Rfd1 Ne6 (13...
Nce4 $6 14. Nxe4 dxe4 15. Nd7 $1 Re8 16. Qa4 $1 $18) 14. Qd3 Rc8 15. Rac1 (15.
Nxd5 $2 Nxd5 16. Bxd5 Bxd5 17. Qxd5 Qxd5 18. Rxd5 Rc2 $132) 15... Bd6 $1 16.
Nxd5 Bxd5 (16... Rxc1 17. Nxf6+ Qxf6 18. Rxc1 Bxe5 (18... Bxg2 19. Nc4 $18) 19.
Bxe5 Qxe5 20. Bxb7 $18) 17. Rxc8 Qxc8 18. Bxd5 Bxe5 19. Bxe5 Nxd5 20. Qxd5 Rd8
21. Bd6 Qc2 $1 22. Rd2 Qc1+ 23. Rd1 (23. Kg2 Nc7 24. Qd3 Ne8 (24... Qc6+ 25.
Qf3 $1) 25. Rc2 $1 Qb1 (25... Qa1 26. Be5) 26. e4 $1 h6 (26... Rxd6 27. Rc8 $1
$18) 27. e5) 23... Qc2 24. Qd2 Qc6 25. b4 f6 26. h4 $2 (26. Qd3 {/\e4-e5/})
26... Nc7 27. Rc1 $8 Rxd6 (27... Rxd6 28. Rxc6 Rxd2 29. Rxc7 Rxa2 $10) 1/2-1/2

[Event "EU-Cup 22nd"]
[Site "Fuegen"]
[Date "2006.10.13"]
[Round "6.6"]
[White "Sakaev, Konstantin"]
[Black "Iljin, Artem"]
[Result "1/2-1/2"]
[WhiteElo "2641"]
[BlackElo "2513"]
[Annotator "Krasenkow,M"]
[PlyCount "83"]
[EventDate "2006.10.08"]
[EventType "team-swiss"]
[EventRounds "7"]
[EventCountry "AUT"]
[SourceTitle "CBM 115"]
[Source "ChessBase"]
[SourceDate "2006.11.15"]
[SourceVersion "1"]
[SourceVersionDate "2006.11.15"]
[SourceQuality "1"]
[WhiteTeam "Ural Sverdlovskaya"]
[BlackTeam "Kazan Ladya"]
[WhiteTeamCountry "RUS"]
[BlackTeamCountry "RUS"]

1. Nf3 Nf6 2. g3 b6 3. d4 Bb7 4. c4 e6 5. Bg2 Be7 6. Nc3 O-O 7. O-O Na6 8. Bf4
Ne4 9. Rc1 f5 $146 {[%mdl 8] A curious combination of ...Na6 and ...f5 works
in this game.} (9... c5 10. d5 Nxc3 11. Rxc3 exd5 12. Ne1 Qc8 13. cxd5 Bf6 14.
Rb3 c4 15. Rb5 Re8 16. Nc2 {1/2-1/2 Vladimirov,E-Loginov,V/Tomsk 2001/CBM 082
ext}) (9... d6 10. Qc2 (10. Nxe4 Bxe4 11. Qd2 Qc8 12. Rfd1 Qb7 13. d5 e5 14.
Be3 Rae8 15. Bh3 c5 16. dxc6 Bxc6 $13 {1-0 Karkanaque,I-Grivas,E/Varna 1994/
EXT 97 (88)}) 10... Nxc3 11. Qxc3 Bf6 12. Rfd1 Qe7 13. Qa3 Rfe8 14. b4 e5 15.
b5 Nc5 16. dxc5 exf4 17. c6 Bc8 18. gxf4 Bg4 19. h3 Bh5 20. e3 $16 {1-0
Chernyshov,K-Gavrilov,A/Voronezh 2004/EXT 2005 (32)}) 10. a3 (10. Nxe4 Bxe4 11.
Qa4 Qc8 12. Ne5 Bxg2 13. Kxg2 {needs checking.}) 10... Bf6 11. Be5 {A harmless
move.} (11. b4 Nxc3 12. Rxc3 c5 $13) 11... d6 12. Bxf6 Qxf6 13. e3 c5 {This
pawn set-up (f5 and c5) is quite common. The usual question is about White's
most principal reply: d4-d5 - and here Black's a6 knight proves useful!} 14.
Nb5 (14. d5 Nxc3 15. bxc3 (15. Rxc3 exd5 16. cxd5 Nc7) 15... exd5 16. cxd5 b5
17. Nd2 Nc7 18. c4 Ba6 $132) 14... Bc6 15. Qe2 Qe7 16. Nd2 Nxd2 17. Qxd2 Bxg2
18. Kxg2 Nc7 19. Nc3 Rad8 20. d5 {Finally! Black must now close the centre.} e5
21. f3 Ne8 22. Qd3 $6 {[%mdl 32]} (22. b4 {was more logical. White's attempt
to stabilize the kingside first proves unsuccessful.}) 22... g6 23. e4 f4 24.
g4 h5 $1 25. h3 (25. gxh5 Qg5+ 26. Kh1 Qxh5 27. Rg1 Kh7 28. Nd1 $5) 25... Qh4
26. Rh1 Nf6 27. Rcg1 Kg7 28. Qe2 Rh8 29. Qf2 hxg4 30. hxg4 Qg5 {White must now
carefully watch the h-file. b3-b4 is out of question.} 31. Kf1 a6 32. Ke1 Rb8 {
[%cal Yb6b5] On the contrary, Black's b6-b5 is a real positional threat.} 33.
Qf1 Rh4 34. Rxh4 Qxh4+ 35. Qf2 Rh8 36. Qxh4 Rxh4 37. Kf2 Rh2+ 38. Rg2 Rh1 39.
Rg1 Rh2+ 40. Rg2 Rh3 {Black doesn't want a draw!} 41. Na4 Nd7 42. Rg1 {... The
further course of the game given in the tournament database is clearly
distorted.} 1/2-1/2

[Event "Paris FIDE GP"]
[Site "Elancourt"]
[Date "2013.09.29"]
[Round "7"]
[White "Giri, Anish"]
[Black "Fressinet, Laurent"]
[Result "1/2-1/2"]
[WhiteElo "2737"]
[BlackElo "2708"]
[Annotator "Krasenkow,M"]
[PlyCount "122"]
[EventDate "2013.09.22"]
[EventType "tourn"]
[EventRounds "11"]
[EventCountry "FRA"]
[EventCategory "20"]
[SourceTitle "CBM 157"]
[Source "ChessBase"]
[SourceDate "2013.11.12"]
[SourceVersion "1"]
[SourceVersionDate "2013.11.12"]
[SourceQuality "1"]

1. d4 Nf6 2. c4 e6 3. Nf3 b6 4. g3 Bb7 5. Bg2 Be7 6. Nc3 Ne4 7. Bd2 d5 8. cxd5
exd5 9. O-O O-O 10. Rc1 Nd7 11. Bf4 c5 {A very old line, played by top players
back in the 60s-70s.} 12. Nd2 {A very uncommon and hardly dangerous move.
White ousts Black's knight from e4 but his own knight will be passive on d2.
Practice has seen:} (12. dxc5 Ndxc5 (12... Nxc3 13. Rxc3 (13. bxc3 Nxc5 14. Be5
Re8 15. Re1 Ne4 16. Qa4 a6 17. c4 Bc5 $15 {0-1 (30) Uhlmann,W (2570)-Smyslov,V
(2620) Moscow 1971}) 13... bxc5 14. Ne5 (14. Qc1 Bf6 15. Rc2 Qe7 16. Bg5 Rfe8
17. Rd1 Rac8 18. Bxf6 Nxf6 $11 {0-1 (34) Livshits,R (2350)-Rozentalis,E (2610)
Montreal 1995}) 14... Nb6 15. Qc2 (15. Rc2 Re8 16. b3 Rc8 17. a4 {0-1 (36)
Garcia Padron,J (2435)-Gomez Esteban,J (2425) Mesa 1992} Bd6 18. Nd3 a5 $132)
15... Bf6 (15... Qc8 16. Rd1 Rd8 17. b3 (17. Bf3 $5 {[%cal Rf3g4]}) 17... d4
18. Bxb7 Qxb7 19. Rf3 Qd5 20. Nc4 Qe6 21. Bc7 Rd5 22. Bxb6 axb6 23. a4 Re8 $13
{1/2 (37) Postny,E (2651)-Alekseev,E (2725) Novi Sad 2009}) 16. h4 Re8 17. Re3
Bxe5 (17... Qc8 $142 $13 {[%cal Rd5d4]}) 18. Rxe5 Rxe5 19. Bxe5 Qe7 20. Bf4 Re8
21. Bf3 h6 22. Rc1 Rc8 23. Qf5 Qe6 24. Qe5 Nd7 25. Qd6 $14 {1-0 (66)
Khairullin,I (2575)-Tomashevsky,E (2646) Serpukhov 2008}) 13. Nd4 (13. Be5 a5
14. Qc2 Qd7 15. Rfd1 Qe6 16. Qb1 Rac8 17. e3 Rfd8 18. Ne2 Qf5 19. Ned4 Qd7 20.
Ne2 Qf5 $11 {0-1 (40) Johannessen,L (2520)-Landa,K (2641) Schwetzingen GER 2013
}) 13... Bf6 14. Bh3 (14. Be3 Qd7 15. h4 Rfd8 16. Kh2 Qe8 17. b4 Ne6 18. Ncb5
Nxd4 19. Nxd4 {1-0 (31) Stahlberg,G-Tan Hiong Liong Beverwijk 1963} Rac8 $11) (
14. Ndb5 {1-0 (73) Villamayor,B (2447)-Juswanto,D (2465) Shenyang 1999} Nxc3 $1
15. Nxc3 $140 g5 $1 16. Bd2 d4 $132) (14. b4 Bxd4 15. Qxd4 Ne6 16. Qe5 Re8 17.
Nxe4 dxe4 18. Rfd1 Qe7 19. Bd2 f6 20. Qb2 Red8 21. Be3 Rxd1+ 22. Rxd1 Rd8 $11 {
1/2 (30) Mackensy,T-Kholmov,R (2445) Moscow 1991}) (14. Nxe4 $5 dxe4 15. Nf5)
14... Re8 15. Ncb5 Bxd4 16. Nxd4 Qf6 17. b4 Ne6 18. Be3 Nd6 19. Nxe6 fxe6 20.
f4 Rac8 21. Qd3 Nf5 22. Bxf5 exf5 23. Bd4 Qe6 {1/2 (23) Lubczynski,R (2414)
-Rozentalis,E (2599) Karpacz 2008}) (12. Nxe4 {(another frequently played move)
} dxe4 13. Nd2 f5 (13... Nf6 14. dxc5 Bxc5 15. Nb3 Be7 16. Qxd8 (16. Rc7 Bd5
17. Nd4 Bd6 18. Bxd6 Qxd6 19. Rc3 Rac8 $11 {1/2 (31) Wellens,J (2340)-Merino
Araguas,C (2360) ICCF 1996}) 16... Rfxd8 (16... Bxd8 17. Nd4 $1 Re8 18. Nf5 Bd5
19. a3 a5 20. Rfd1 a4 21. Nd6 $16 {1-0 (42) Dzindzichashvili,R-Furman,S Gori
1971 EXT 1999 [ChessBase]}) 17. Rc7 Rd7 18. Rfc1 Bd8 19. Rxd7 Nxd7 20. Nd4 Nc5
21. b4 (21. Nf5 $142 $14) 21... Ne6 22. Nxe6 fxe6 23. a3 a6 24. Be5 b5 25. Bd4
{1/2 (25) Adamski,J (2425)-Spassov,L (2460) Warsaw 1983}) 14. b4 (14. Nb3 Bd5
15. dxc5 {1/2 (15) Kortschnoj,V (2640)-Polugaevsky,L (2645) Moscow 1972}) (14.
Nc4 Nf6 15. dxc5 Bxc5 16. Bd6 Bxd6 17. Nxd6 Qd7 18. Nxb7 Qxb7 19. Qb3+ Qd5 (
19... Kh8 20. Rfd1 Qe7 21. Qb5 g6 22. e3 Rad8 23. Rxd8 Rxd8 24. h3 Kg7 25. Bf1
Rd7 26. Rc6 Rc7 27. Qc4 Rxc6 28. Qxc6 Qd7 $11 {1/2 (53) Sakaev,K (2640)
-Tomashevsky,E (2646) Moscow 2008}) 20. Qxd5+ Nxd5 21. Rfd1 Rad8 22. f3 Ne3 23.
Rxd8 Rxd8 24. fxe4 Nxg2 25. Kxg2 Rd2 26. exf5 Rxe2+ 27. Kh3 Rxb2 28. Rc8+ Kf7
29. Rc7+ Kf6 30. Rxa7 h5 $11 {1/2 (40) Grachev,B (2655)-Tomashevsky,E (2664)
Budva 2009}) 14... g5 $1 (14... Kh8 15. dxc5 (15. bxc5 bxc5 16. Nc4 cxd4 17.
Qxd4 Nb6 18. Qxd8 Bxd8 19. Nd6 Bd5 20. Rc2 Be7 21. Rfc1 Rad8 22. Nb5 $14 {
1/2 (44) Meier,G (2663)-Anisimov,P (2519) Rijeka 2010}) 15... bxc5 16. Nc4 Ba6
17. bxc5 (17. Ne3 $1 cxb4 18. Nd5 $36) 17... Nxc5 18. Bd6 Rc8 $11 {1/2 (28)
Riazantsev,A (2661)-Tomashevsky,E (2708) Moscow 2009}) 15. dxc5 gxf4 16. c6 Ba6
17. b5 Nc5 18. bxa6 fxg3 19. hxg3 Qd6 20. e3 Rad8 21. Nb3 Qxc6 $11 {1/2 (32)
Andreikin,D (2705)-Tomashevsky,E (2710) Saratov 2011}) ({Other, rarely tested
continuations:} 12. Qa4 Nxc3 13. bxc3 (13. Rxc3 Nf6 $5) 13... a6 14. c4 dxc4
15. Qxc4 Rc8 16. d5 b5 17. Qc2 g5 18. d6 gxf4 19. dxe7 Qxe7 20. Ng5 Qxg5 21.
Bxb7 Rc7 22. Bxa6 c4 $132 {1/2 (31) Shulman,Y (2632)-Ivanov,A (2516)
Philadelphia 2009}) (12. Ne5 Nxc3 13. Rxc3 Bf6 14. e3 Bxe5 15. dxe5 Re8 16.
Bxd5 Bxd5 17. Qxd5 Nxe5 {1/2 (17) Van Wely,L (2655)-Piket,J (2630) Monte Carlo
1997}) (12. Qb3 c4 13. Qc2 Nxc3 14. bxc3 b5 15. Rb1 Bc6 16. Ne5 Nxe5 17. dxe5
Qd7 $11 {1/2 (30) Nikolic,P (2515)-Farago,I (2535) Banja Luka 1981}) ({Two
following options deserve serious attention:} 12. Be3 $5 Ndf6 (12... Re8 $5)
13. dxc5 Nxc3 14. Rxc3 Ne4 15. Rb3 Nxc5 16. Rc3 Bf6 17. Bd4 Ne4 18. Rc1 $14 {
1-0 (34) Arbakov,V (2471)-Zvereva,M (2254) St Petersburg 2000}) (12. Qc2 $5 Rc8
13. Rfd1 g5 $6 14. Be3 f5 15. dxc5 Ndxc5 16. Bd4 Ne6 17. Be5 Bc5 18. e3 $14 {
1-0 (41) Berg,K (2375)-Weill,R (2245) Sindelfingen 1984}) 12... Nxc3 13. bxc3
Rc8 (13... Nf6 {looks even more solid:} 14. dxc5 (14. Bg5 Rc8 15. e3 Qd7 16.
dxc5 bxc5 17. c4 d4 18. Bxb7 Qxb7 19. exd4 cxd4 20. Re1 h6 21. Bxf6 Bxf6 22.
Ne4 Qc6 $11 {1/2 (32) Stein,L-Polugaevsky,L Kislovodsk 1972}) 14... Bxc5 15.
Nb3 Ba3 16. Rc2 Rc8 {1/2 (16) Petrosian,T (2640)-Karpov,A (2540) Moscow 1971})
14. Re1 Re8 15. e4 {This attempt to complicated matters is quite harmless.}
cxd4 16. cxd4 Rxc1 17. Qxc1 Nf8 18. e5 Qd7 19. Qb1 Rc8 20. Be3 g6 21. h4 Qc6 {
Black has enough queenside counterplay against White's kingside attacking
attempts.} 22. Bh3 Ne6 23. Nf3 Qc2 24. Bxe6 fxe6 25. Qb5 Rc6 $6 (25... Qc6 26.
Qf1 Qe8 {[%cal Yc8c4,Yc8c2] was more solid. After the text move White obtains
some chances.}) 26. Rc1 a6 27. Qf1 $6 (27. Rxc2 $5 axb5 28. Rxc6 Bxc6 29. Bg5
Bb4 30. Bd8 Ba5 {is hardly sufficient for a victory but White can torture
Black for a while in this ending. Instead, Anish Giri decides to continue his
kingside attack. Hardly a wise decision!}) 27... Qxa2 28. h5 Rxc1 (28... gxh5 {
was quite possible. If} 29. Bg5 {then Black can simply reject the offer to
trade the bishops:} Bf8 {White's counterplay could only be enough for a draw.})
29. Qxc1 Qc4 30. Qd1 a5 $2 {This looks like a blunder.} (30... gxh5 {was still
possible although White now had a forced draw:} 31. Ng5 Bxg5 32. Qxh5 (32. Bxg5
Bc6 $1 33. Qxh5 Qxd4) 32... Bxe3 33. Qe8+ $11) 31. hxg6 hxg6 32. Qb1 $6 {
White goes for a line giving him an extra pawn.} (32. Nh4 $1 Bxh4 33. Qg4 {
(M.Golubev) was much stronger, e.g.} Qc8 34. Qxg6+ Kh8 35. Qh6+ Kg8 36. Qxh4
Qe8 37. Bh6 $1 Qf7 38. Qd8+ Kh7 39. Bg5 Ba6 $1 {(the only way to create
counterplay)} 40. Bf6 Be2 $1 41. Qh8+ Kg6 42. Qc8 $1 $16) 32... Kf7 33. Qxb6
Ba6 $1 34. Qxa5 {White has regained the sacrificed material with a profit but
Black creates counterplay against the opponent's king and secures a draw:} Qf1+
35. Kh2 Be2 36. Nd2 Qe1 37. Qc7 Bg4 38. Qb7 (38. Kg2 {can be met with} Bh3+ $1
{, and the king, to avoid mate, must go back to h2.}) 38... Qe2 39. Kg2 Qe1 40.
Qb8 ({In the event of} 40. Nf3 Bxf3+ 41. Kxf3 Qf1 {White can't make any
further progress since} 42. Bg5 $4 Qh1+ 43. Ke2 Qh5+ {loses a piece.}) 40...
Bh3+ 41. Kh2 Qd1 42. Qh8 Bf5 43. Kg2 Qh5 44. Qb8 {White avoids the exchange of
queens but soon he will offer it himself.} Bh3+ 45. Kg1 Qd1+ 46. Kh2 Bf5 47.
Qb7 Ke8 48. Qc8+ Kf7 49. Qb7 Ke8 50. Qb5+ Kf7 51. Qf1 Qxf1 52. Nxf1 g5 53. f3
g4 54. Kg2 Kg6 55. fxg4 Bxg4 56. Nh2 Kf5 57. Nxg4 Kxg4 58. Bf2 Bf8 59. Be3 Be7
60. Bf2 Bf8 61. Be3 Be7 1/2-1/2

[Event "Gibraltar Masters 15th"]
[Site "Caleta"]
[Date "2017.01.28"]
[Round "5"]
[White "Nakamura, Hikaru"]
[Black "Iturrizaga Bonelli, Eduardo"]
[Result "1-0"]
[WhiteElo "2785"]
[BlackElo "2652"]
[Annotator "Krasenkow,M"]
[PlyCount "55"]
[EventDate "2017.01.24"]
[EventType "swiss"]
[EventRounds "10"]
[EventCountry "GGB"]
[SourceTitle "CBM 177"]
[Source "ChessBase"]
[SourceDate "2017.03.16"]
[SourceVersion "1"]
[SourceVersionDate "2017.03.16"]
[SourceQuality "1"]

1. d4 Nf6 2. c4 e6 3. Nf3 b6 4. g3 Bb7 5. Bg2 Be7 6. O-O O-O 7. Nc3 Ne4 8. Bd2
Bf6 9. Rc1 d6 (9... c5 {is more popular nowadays.}) 10. d5 Nxd2 (10... Nxc3 11.
Bxc3 Bxc3 12. Rxc3 e5 {is the main alternative.} 13. Nd2 Nd7 14. f4 exf4 $5 15.
gxf4 a5 16. e4 Qf6 $6 (16... c6 $5 $132) 17. Nb3 $16 {Magerramov,E-Naumkin,I/
Sankt-Petersburg/1992/Inf 55/525/}) 11. Nxd2 $1 (11. Qxd2 e5 {brings Black
good results.} (11... Qe7 $5 12. e4 Nd7 13. Nd4 Bxd4 14. Qxd4 e5 15. Qd2 a5 16.
f4 Nc5 17. f5 f6 18. Bf3 $14 {Karpov,A-Salov,V/Reykjavik/1991/1:0 (67)/Inf 52/
534/}) 12. h4 Nd7 13. Bh3 g6 14. e4 Bg7 15. h5 Nf6 16. hxg6 hxg6 17. Kg2 Qe7
18. Rh1 $14 {Epishin,V-Ehlvest,J/Terrassa/1991/1:0 (38)/Inf 52/535/}) 11... e5
(11... Kh8 12. Nde4 Bxc3 13. Rxc3 (13. Nxc3 e5 14. f4 Nd7 15. f5 a5 16. Qd2 Qe7
17. Be4 f6 18. Nd1 Nc5 19. Bg2 Bc8 20. Rc3 Bd7 21. b3 b5 $132 {1/2 (30) Hebden,
M (2530)-Adams,M (2555) London 1990}) 13... Nd7 14. f4 (14. h4 Qe7 15. Qc2 Nf6
16. Nxf6 Qxf6 17. e4 $14 {Ftacnik,L-Karpov,An/Dubai(ol)/1986/}) 14... Qe7 15.
Qc2 Nf6 16. Nxf6 Qxf6 17. e4 $14 {1/2 (34) Ftacnik,L (2475)-Karpov,A (2725)
Dubai 1986}) (11... Bxc3 $5 12. Rxc3 e5 (12... Kh8 13. e4 $14) 13. f4 Nd7 14.
f5 $14 {1/2 (31) Hakki,I (2429)-Mansour,S (2269) Amman 2008 needs more tests.})
12. b4 (12. e4 Nd7 13. Bh3 a5 14. a3 Bg5 15. b4 g6 16. Qc2 Bh6 17. Rcd1 Ba6 18.
Qd3 Bc8 19. Kg2 Kh8 {1/2 (19) Hort,V (2595)-Najdorf,M (2510) Buenos Aires 1980
MCL [Chekhov]}) (12. f4 exf4 13. gxf4 Nd7 14. Nde4 (14. e4 Re8 15. b4 a5 16. a3
Ba6 17. Kh1 Bd4 18. Rf3 {1-0 (30) Inkiov,V (2470)-Hoeksema,H (2380) Groningen
1989} g6 $15) 14... Bh4 15. Ng3 f5 (15... Re8 $5) 16. Bh3 g6 17. e4 fxe4 18.
Be6+ Kh8 19. Ncxe4 Nc5 20. Nxc5 bxc5 21. Rc2 Bf6 {1/2 (21) Huzman,A (2475)
-Tsarev,V (2415) Kiev 1989}) (12. Nce4 Be7 13. c5 {1/2 (75) Gonda,L (2528)
-Kovacevic,A (2549) Hungary 2012} dxc5 14. d6 cxd6 15. Nf6+ Bxf6 16. Bxb7 Nd7
17. Bxa8 Qxa8 $13) (12. Nde4 $5 {may be the most promising:} Be7 {[%cal Yf7f5]}
(12... Nd7 13. f4 Be7 (13... exf4 14. Nxf6+ Qxf6 15. gxf4 Rae8 16. e4 $14) 14.
f5 $1 (14. Nf2 exf4 15. gxf4 Re8 16. e4 Bf8 17. Qf3 {1-0 (39) Lerner,K (2495)
-Platonov,I (2435) Tashkent 1980 MCL [Moiseev]} g6 $132) 14... Bg5 15. Nxg5
Qxg5 16. Ne4 $14 Qe7 (16... Qe3+ $142 17. Kh1 Nc5) 17. f6 Nxf6 18. Nxf6+ gxf6
19. Be4 $16 {1-0 (28) Erdelyi,T (2330)-Gelfer,I (2315) Kobanya 1988}) 13. c5 $5
bxc5 (13... f5 14. c6 Bc8 15. Nd2 {[%csl Rb8,Rc8]}) 14. Nxc5 dxc5 15. d6 (15.
Qb3 $5) 15... Bxg2 16. dxe7 Qxe7 17. Kxg2 Nd7 18. Nd5 Qd6 19. Ne3 Rfd8 20. Qd5
Qxd5+ 21. Nxd5 Nb6 22. Nxc7 Rac8 23. Rfd1 $14 {1/2 (69) Delchev,A (2622)
-Feller,S (2640) Belfort 2012}) 12... a5 (12... Nd7 $5 13. Nb3 {[%cal Yc4c5]}
Ba6 14. c5 bxc5 15. bxc5 Bg5 16. Rc2 f5 17. c6 Nb6 18. Re1 Qe8 19. e4 f4 $132 {
0-1 (52) Ibrahimli,M (2203)-Shevchenko,K (2438) Khanty-Mansiysk RUS 2016}) 13.
a3 axb4 (13... Nd7 14. Nb3 Be7 $6 (14... Ba6 $5) 15. c5 axb4 16. axb4 bxc5 17.
bxc5 Ba6 18. c6 Nb6 19. Ra1 f5 20. Qc2 g6 21. Ra5 Bc4 22. Rfa1 $16 {1-0 (45)
Ponomariov,R (2738)-Alekseev,E (2640) Sochi 2006}) (13... Bg5 $5 14. c5 (14.
Rb1 {1-0 (41) Antic,D (2505)-Jakab,A (2412) Budapest 2006} Nd7) (14. e3 $5)
14... axb4 15. axb4 bxc5 16. bxc5 Na6 17. cxd6 (17. c6 Bc8 18. Ra1 Rb8) 17...
cxd6 18. Rb1 Bxd2 19. Qxd2 Bc8 20. Ra1 Bd7 21. Ne4 Bf5 22. Qd3 Bxe4 23. Bxe4
Nc5 24. Rxa8 Qxa8 25. Bxh7+ Kh8 26. Qf5 g6 27. Bxg6 fxg6 28. Qxg6 Qxd5 29. Qh6+
Kg8 30. Qg6+ Kh8 31. Qh6+ Kg8 32. Qg6+ {1/2 (32) Sriram,J (2430)-Friedel,J 
(2519) Manchester 2016}) 14. axb4 Na6 $2 {[%csl Ra6][%mdl 16384] Not a good
square for the knight, which will be out of play for the rest of the game!} (
14... Bg5 $142 15. e3 f5 $13) 15. Qb3 Bg5 (15... g6 16. Nde4 Be7 17. Nb5 f5 18.
Nec3 Qd7 19. Ra1 h5 20. Ra4 h4 21. Rfa1 Kg7 22. R1a3 Rh8 23. Qa2 Qc8 24. e4 Bg5
25. exf5 gxf5 26. Ne2 hxg3 27. Rxg3 Kf6 28. f4 $16 {1-0 (50) Laznicka,V (2657)
-Socko,B (2624) Grosseto Prugna 2015}) 16. e3 f5 17. f4 Bf6 18. fxe5 Bxe5 19.
Nf3 {[%mdl 32] White is fighting for the centre.} Kh8 $6 {Black's position is
difficult but this voluntary exchange of his only active minor piece
aggravates his problems.} (19... Bf6 20. Nb5 {[%cal Yf3d4]}) 20. Nxe5 dxe5 {
After this modification of the pawn structure c4-c5 becomes a serious threat.}
21. Nb5 Qd7 22. Qc3 Rae8 23. Rcd1 Rf6 (23... e4 24. Bh3 {[%cal Yb5d4]}) 24. e4
$1 fxe4 25. Bxe4 {[%csl Re5]} c6 $2 {[%mdl 8192] This loses at once.} (25...
Rxf1+ $142 26. Rxf1 g6 $16) 26. dxc6 Rxf1+ 27. Rxf1 Bxc6 28. Qf3 $1 {[%cal
Re4c6,Rf3f8]} 1-0